000 00539nam a2200217Ia 4500
003 0100
008 130303s9999 xx 000 0 und d
020 _a791413284
040 _cARRUPELIB
050 _aBP55.S34131992
100 _aSchimmel, Annemarie
245 _aIslam = Islam. English
245 _ban introduction
260 _aAlbany
260 _bState University of New York Press
260 _C1992
300 _avii
300 _b 166p. 23cm.
700 _aAnnemarie Schimmel , Title, Islam. English
942 0 0 _01
999 _c11709
_d11709